| Поле | Инд. | ПП | Название | Значение |
|---|---|---|---|---|
| Тип записи | a | |||
| Библиографический уровень | m | |||
| 001 | Контрольный номер | RU\TSPUSRL\book\311144 | ||
| 005 | Дата корректировки | 20190711085032.9 | ||
| 008 | Кодируемые данные | 110209s2010 RU y z 000 1drus u | ||
| 020 | a | ISBN | 978-5-9916-0633-2 (Юрайт) | |
| 020 | a | ISBN | 978-5-9692-0884-1 (ИД Юрайт) | |
| a | ISBN | 978-5-94051-045-1 (МГППУ) | ||
| 040 | a | Служба первич. каталог. | 63413507 | |
| d | Организация, изменившая запись | НБ ТвГУ | ||
| e | Правила каталог. | PSBO | ||
| 041 | 0_ | a | Код языка текста | rus |
| 044 | a | Код страны публикации | RU | |
| 080 | a | Индекс УДК | 159.922.7(075.8) | |
| 080 | a | Индекс УДК | 159.922.6(075.8) | |
| 084 | 2 | Источник индекса | rubbk | |
| a | Индекс другой классификации/Индекс ББК | Ю98я73-1 | ||
| 084 | a | Индекс другой классификации/Индекс ББК | Ю91(0)6я73-1 | |
| 090 | a | Полочн. индекс | Ю98 | |
| x | Авторский знак | О-26 | ||
| 100 | 1_ | a | Автор | Обухова Людмила Филипповна |
| q | Полное имя | Обухова Л. Ф. | ||
| 245 | 10 | a | Заглавие | Возрастная психология |
| b | Продолж. заглавия | учебник для студентов вузов | ||
| 260 | a | Место издания | Москва | |
| b | Издательство | Юрайт | ||
| b | Издательство | МГППУ | ||
| c | Дата издания | 2010 | ||
| 300 | a | Объем | 460 с. | |
| b | Иллюстрации/ тип воспроизводства | ил. | ||
| c | Размеры | 21 см | ||
| 440 | _0 | a | Серия | Министерство образования и науки РФ рекомендует |
| 440 | _0 | a | Серия | Основы наук |
| 504 | a | Библиография | Библиогр. в конце гл. | |
| 653 | 0_ | a | Ключевые слова | Детская психология |
| 653 | 0_ | a | Ключевые слова | Возрастная психология |
| 653 | 0_ | a | Ключевые слова | Дети |
| 653 | 0_ | a | Ключевые слова | Детство |
| 653 | 0_ | a | Ключевые слова | История психологии |
| 653 | 0_ | a | Ключевые слова | Психическое развитие ребенка |
| 653 | 0_ | a | Ключевые слова | Психика ребенка |
| 653 | 0_ | a | Ключевые слова | Интеллектуальное развитие |
| a | Ключевые слова | Ребенок | ||
| a | Ключевые слова | Учебники для вузов | ||
| 901 | t | Тип документа | m | |
| 910 | a | гриф есть* | ||
| 920 | a | Оператор | Хохл | |
| 930 | a | Новая/Ретро | учебники | |
| 952 | c | Вид литературы | К ру | |
| 954 | a | Дата поступления на обработку | 20110321 |